000 01010nam a22003257a 4500
003 CHAP
005 20231109113442.0
008 971013s1987 it a r 00010 eng d
010 _a5197
011 _a6169
035 _a5389
040 _cCHAP
090 _aFolleto 13681
110 0 _aFondo Internacional de Desarrollo Agrícola (FIDA)
_942116
245 1 0 _aAfrica sowing :
_bthe seeds of self-sufficiency
260 _aRoma :
_bEl Fondo,
_c1987
300 _a26 p. :
_bilus.
500 _a56-144
590 _aBATCH-UPD
_b10
_c20130110
_lUCH01
_h0927
590 _aBATCH-UPD
_b10
_c20130410
_lUCH01
_h0547
590 _aBATCH-UPD
_b10
_c20130913
_lUCH01
_h1958
590 _aCONVERSION
_b10
_c20130109
_lUCH01
_h1304
650 1 4 _aAfrica
_xCondiciones económicas.
_91035
650 1 4 _aAfrica
_xCondiciones rurales.
_91036
650 1 4 _aAlimentos
_xAbastecimiento
_zAfrica.
_94147
650 1 4 _aPobreza.
_989463
901 _aBK
942 _cFOLL
949 _aFolleto 13681
_bBC
_cFOLL
_d-14962
_eTS1
_i5389
_mD
_si
999 _c5197
_d5197